000
00254nam a22001097a 4500
999
_c
166794
_d
166794
082
_a
_b
100
_a
Vishwanath Gaud
245
_a
Aayam/
_c
by Vishwanath Gaud.
260
_a
New Delhi:
_b
Bharathiya Vidya Prakashan,
_c
2003.
650
_a
942
_c
BK